| 000 | 00492nam a2200181Ia 4500 | ||
|---|---|---|---|
| 001 | 18475 | ||
| 005 | 20260306171633.0 | ||
| 008 | 260306s9999||||xx |||||||||||||| ||und|| | ||
| 041 | _aESP | ||
| 082 |
_a658.406 _bCH548 |
||
| 100 |
_aChiavenato, Idalberto _eAUT |
||
| 245 | 0 |
_aInnovaciones de la administración: _btendencias y estratégicas los nuevos paradigmas |
|
| 260 | _c2010 | ||
| 300 |
_axv, 396 páginas : _c23 cm. |
||
| 650 | _aGEN | ||
| 654 | _aCAN | ||
| 942 |
_cLIB _dJUS _fJUS _2ddc _n |
||
| 999 |
_c18475 _d18475 |
||